000
00327nam a2200133Ia 4500
008
240624s9999 xx 000 0 und d
041
_a
eng
082
_a
338.954 PCG
100
_a
PLANNING COMMISSION OF GOI
245
_a
TWELFTH FIVE YEAR PLAN 2012 2017
260
_c
2013
_a
New Delhi
_b
Sage
365
_c
RS
_b
40
440
_v
2
999
_c
22263
_d
22263